000 00867nam a2200229Ii 4500
003 JO-AjNU
008 230605s9999||||xx |||||||||||||| ||und||
017 _a2004/10/2513
020 _a9957-11-585-5
040 _aJO-AjNU
_bara
_erda
_cJO-AjNU
041 _aara
050 1 4 _aKMM97.S53.2009
100 3 _aالشوا ، تالا سعود,
_eauthor
_929250
245 0 0 _aالتشريعات التجارية وتشريعات الأعمال لطلبة العلوم الدارية والمالية = COMMERCIAL AND BUSINESS LAW
250 _aط3
264 3 1 _aعمان : دار وائل ، 2009
300 _a466ص
336 _atext
_btxt
_2rdacontent
337 _aunmediated
_bn
_2rdamedia
338 _avolume
_bnc
_2rdacarrier
650 4 _aالقانون التجاري -- التجارة -- ادارة الأعمال -- العلوم الادارية
_929251
999 _aA11447
_c15015
_d15015